Fussballer anhand Position, Nationalität und Verein bestimmen 2023 - Statistiken

Allgemein
  • Dieses Quiz wurde 8.678 mal gespielt
    4.787 seit der letzten Aktualisierung
  • Das Durchschnittsergebnis liegt bei 16 aus 20
Antwortstatistiken
Position Nationalität Verein Name % Korrekt
Mittelstürmer Norweger Manchester City Erling Haaland
99%
Mittelstürmer Engländer Bayern München Harry Kane
98%
Mittelstürmer Franzose Paris St. Germain Kylian Mbappé
98%
Rechtsaussen Ägypter FC Liverpool Mohamed Salah
97%
Linksaussen Brasilianer Real Madrid Vinicius Junior
93%
Offensives Mittelfeld Belgier Manchester City Kevin De Bruyne
90%
Mittelstürmer Belgier AS Roma Romelu Lukaku
89%
Defensives Mittelfeld Deutscher FC Bayern München Joshua Kimmich
87%
Linksaussen Brasilianer Al-Hilal SFC Neymar
86%
Linksaussen Südkoreaner Tottenham Heung-min Son
85%
Offensives Mittelfeld Portugiese Manchester United Bruno Fernandes
82%
Zentrales Mittelfeld Spanier FC Barcelona Pedri
76%
Rechter Verteidiger Engländer FC Liverpool Trent Alexander-Arnold
76%
Zentrales Mittelfeld Engländer Manchester City Phil Foden
74%
Mittelstürmer Serbe Juventus Turin Dusan Vlahovic
69%
Linksaussen Engländer Manchester United Marcus Rashford
69%
Linksaussen Engländer Manchester City Jack Grealish
60%
Torwart Engländer Newcastle United Nick Pope
54%
Linksaussen Engländer Chelsea FC Raheem Sterling
54%
Linksaussen Engländer Manchester United Jadon Sancho
50%
Keine übereinstimmenden Quizze gefunden
Verteilung der Resultate
Anzahl Personen mit jedem Resultat
Perzentil nach korrekt beantworteten Fragen
Ihre Resultats-Entwicklung
Sie haben dieses Quiz seit der letzten Aktualisierung nicht gespielt